000 00450nam a2200181Ia 4500
001 24273
005 20260414151032.0
008 260414t2021||||xx |||||||||||||| ||spa||
041 _aESP
082 _a345.2
_bH82
100 _aHuachaca Sánchez, Dalmiro
_eAUT
245 0 _aLas técnicas de litigación en juicio oral
_b
260 _c2021
300 _a287 páginas :
_c25 cm.
650 _aDER
654 _aCDE
942 _cLIB
_dJUS
_fJUS
_2ddc
_n
999 _c24273
_d24273